01067nam a22002177a 4500001000400000003000600004005001700010008004100027020001800068040002900086050001400115082001100129100001900140245004900159260003500208300002200243505000700265520054100272521001800813521001800831437FISKH20231214104500.0230421b cb ||||| |||| 00| 0 eng d a9780590465960 aFISKHbengcFISKHdFISKH aPZ7.P4445 a813.54 aPeterson, John aThe littles go exploring /cby John Peterson aNew York :bScholastic.c1978. a94 pages.c20 cm. aF  aThe tenth book from this classic series is ready to grab the attention of a new generation! Fresh cover art brings an updated look to this timeless favorite. Years ago, Grandpa Little set off to explore and was never seen again and the mystery of his disappearance was never solved. But now, Lucy and Tom have stumbled across a secret room where Grandpa kept many papers and maps. And they think they can figure out the path he took into the wilderness the last time he set out on an expedition! The family packs up and heads upstream. 8 a440 bLexile8 aF bRaz-Plus